Atenea y Poseidón /
Los dioses griegos eran poderosos, inmortales y, por sobre todas las cosas, apasionados: se enamoraban, se peleaban, tejían alianzas y decidían ayudar a algunos mortales o perjudicar a otros. Por eso, todos ellos fueron protagonistas de interesantes historias. En este libro podrás leer algunos de lo...
Guardado en:
| Autor Principal: | |
|---|---|
| Otros Autores: | , |
| Formato: | Libro |
| Idioma: | Undetermined |
| Publicado: |
Buenos Aires :
Santillana,
2011.
|
| Edición: | 1a ed. |
| Series: | Mis primeros clásicos de la mitología universal ;
12 |
| Materias: | |
| Etiquetas: |
Agregar Etiqueta
Sin Etiquetas, Sea el primero en etiquetar este registro!
|
| LEADER | 01357nam a22002415a 4500 | ||
|---|---|---|---|
| 001 | CEM.cems021068 | ||
| 008 | 240424s2011####ag############000#0#und#d | ||
| 005 | 20240424152111.0 | ||
| 245 | 1 | 0 | |a Atenea y Poseidón / |c Adaptado por Eduardo M. Blanco ; ilustrado por Wally Gómez y Yama Orce. |
| 250 | |a 1a ed. | ||
| 260 | |a Buenos Aires : |b Santillana, |c 2011. | ||
| 300 | |a 48 p. | ||
| 490 | 1 | |a Mis primeros clásicos de la mitología universal ; |v 12 | |
| 520 | |a Los dioses griegos eran poderosos, inmortales y, por sobre todas las cosas, apasionados: se enamoraban, se peleaban, tejían alianzas y decidían ayudar a algunos mortales o perjudicar a otros. Por eso, todos ellos fueron protagonistas de interesantes historias. En este libro podrás leer algunos de los episodios que vivieron dos de los dioses más conocidos del Olimpo: Atenea, la Diosa de la Sabiduría, y Poseidón, el Amo de los Mares, quienes se enfrentaron en varias oportunidades...¿Listo para adentrarnos en otro capítulo de la fascinante mitología de Grecia? ¡Allá vamos! | ||
| 020 | |a 9789870419624 | ||
| 100 | 1 | |a Blanco, Eduardo M.; adapt. | |
| 700 | 1 | |a Gómez, Wally; il. | |
| 700 | 1 | |a Orce, Yama; il. | |
| 653 | |a Mitología | ||
| 653 | |a Mitología griega | ||
| 653 | |a Mitos | ||
| 653 | |a Literatura griega | ||
| 859 | |a CEMS |b BIB. CEMS - Inicial y Primaria |h 883 |i B598-2 |k IP |p 6559 |t Ej.1 | ||
